000
00454nam a2200181Ia 4500
008
151018s9999 xx 000 0 und d
082
_b
RBASDV286
_a
891.461
100
_a
गिरीश
245
_a
अभागी कमला
250
_b
1
260
_b
-
300
_a
48
600
_a
गिरीश
630
_a
अभागी कमला
700
_a
गिरीश
730
_a
अभागी कमला
942
_c
BOOK
999
_c
1002756
_d
1002753